| 000 | 00482nam a2200181Ia 4500 | ||
|---|---|---|---|
| 001 | 8595 | ||
| 005 | 20260306160621.0 | ||
| 008 | 260306t2013||||xx |||||||||||||| ||spa|| | ||
| 041 | _aESP | ||
| 082 |
_a371.2 _bB62 |
||
| 100 |
_aBlejmar, Bernardo _eAUT |
||
| 245 | 0 |
_aEl lado subjetivo de la gestión: _bdel actor que está haciendo al sujeto que está siendo |
|
| 260 | _c2013 | ||
| 300 |
_a131 páginas : _c23 cm. |
||
| 650 | _aGEN | ||
| 654 | _aCED | ||
| 942 |
_cLIB _dJUS _fJUS _2ddc _n |
||
| 999 |
_c8595 _d8595 |
||